| 000 | 00943nam a22002297a 4500 | ||
|---|---|---|---|
| 005 | 20100721124538.0 | ||
| 008 | 100412t xxu||||| |||| 00| 0 ur d | ||
| 020 | _c10.00 | ||
| 035 | _aB-395146-152 | ||
| 037 | _bEducational Publishing House | ||
| 040 |
_adpl _bur |
||
| 082 | _aک | ||
| 100 |
_aصائمہ انيس _9649 |
||
| 245 |
_a جنگلی جلوٹ / _cصائمہ انيس _b |
||
| 246 |
_aJungli Jaloot / _bby Saima Anees |
||
| 260 |
_a دلّی _bايجو کيشنل پبلشنگ ہاؤس _cت. ن. |
||
| 270 |
_a3108,VakilStreet, Kucha Pandit, Lal Kuan _b Delhi _e110006 _k23216162, 23214465 _minfo@ephbooks.com,ephdelhi@yahoo.com _l0091-11-23211540 |
||
| 300 |
_a24 ص _b22 س م (pbk) |
||
| 500 | _a | ||
| 942 |
_2ddc _cUR _hک _mص ا ء |
||
| 999 |
_c37173 _d37173 |
||